Music Quiz

Random Music or Kpop Quiz

Guess my Kpop bias (female) Quiz Stats

Quiz not verified by Sporcle

Challenge
Share
Tweet
Score 0/12 Timer 10:00
0 Plays Today
% Correct
Krystal
97.2%
Momo
96.6%
Hani
96%
Lisa
95.4%
Rose
94.7%
Taeyeon
94%
Jimin
92.1%
L.E
90.9%
ChoA
90%
Moonbyul
84.3%
Yuju
80.7%
Junghwa
75.4%

You're not logged in!

Compare scores with friends on all Sporcle quizzes.
Sign Up with Email
OR
Log In

You Might Also Like...

Show Comments

Extras

Top Quizzes Today


Score Distribution

Your Account Isn't Verified!

In order to create a playlist on Sporcle, you need to verify the email address you used during registration. Go to your Sporcle Settings to finish the process.